书目信息 |
| 题名: |
民用航空法实务
|
|
| 作者: | 魏亚波 主编 | |
| 分册: | ||
| 出版信息: | 北京 国防工业出版社 2014 |
|
| 页数: | 11,255页 | |
| 开本: | 26cm | |
| 丛书名: | ||
| 单 册: | ||
| 中图分类: | D922.296.1 | |
| 科图分类: | ||
| 主题词: | 民用航空--Min Yong Hang Kong--航空法--中国--教材 | |
| 电子资源: | ||
| ISBN: | 978-7-118-09666-8 | |
| 000 | 01085nam0 22002411 450 | |
| 001 | 349686 | |
| 005 | 20161008165841.26 | |
| 010 | @a978-7-118-09666-8@dCNY38.00 | |
| 100 | @a20141021d2014 em y0chiy50 ea | |
| 101 | 0 | @achi |
| 102 | @aCN@b110000 | |
| 105 | @aa z 000yy | |
| 106 | @ar | |
| 200 | 1 | @a民用航空法实务@AMin Yong Hang Kong Fa Shi Wu@f魏亚波主编 |
| 210 | @a北京@c国防工业出版社@d2014 | |
| 215 | @a11,255页@c图@d26cm | |
| 300 | @a民航运输类专业“十二五”规划教材 | |
| 330 | @a本书主要介绍了国际航空法律发展概述和我国民航法律框架概述;介绍了航空运输责任法律制度、航班不正常旅客补偿法律问题、民用机场秩序法律制度、航班“超售”法律制度、航空器对地(水)面第三人损害赔偿法律制度、机长权利与责任法律制度、民用航空保险法律制度、危险品航空运输法律制度、飞行员流动法律问题、国际航空碳排放法律框架、航权与天空开放、民用航空器国籍与权利制度等涉及民航方方面面的法律问题。 | |
| 606 | 0 | @a民用航空@AMin Yong Hang Kong@x航空法@y中国@j教材 |
| 690 | @aD922.296.1@v5 | |
| 701 | 0 | @a魏亚波@AWei Ya Bo@4主编 |
| 801 | 0 | @aCN@bTANGWEI@20160730 |
| 905 | @b0886255-9@dD922.296.1@e1337@f5 | |
| 民用航空法实务/魏亚波主编.-北京:国防工业出版社,2014 |
| 11,255页:图;26cm |
| 民航运输类专业“十二五”规划教材 |
| ISBN 978-7-118-09666-8:CNY38.00 |
| 本书主要介绍了国际航空法律发展概述和我国民航法律框架概述;介绍了航空运输责任法律制度、航班不正常旅客补偿法律问题、民用机场秩序法律制度、航班“超售”法律制度、航空器对地(水)面第三人损害赔偿法律制度、机长权利与责任法律制度、民用航空保险法律制度、危险品航空运输法律制度、飞行员流动法律问题、国际航空碳排放法律框架、航权与天空开放、民用航空器国籍与权利制度等涉及民航方方面面的法律问题。 |
| ● |
| 相关链接 |
|
|
|
|
正题名:民用航空法实务
索取号:D922.296.1/1337
 
预约/预借
| 序号 | 登录号 | 条形码 | 馆藏地/架位号 | 状态 | 备注 |
| 1 | 0886255 | 208862550 | 第一样本阅览室/ [索取号:D922.296.1/1337] | 在馆 | |
| 2 | 0886256 | 208862569 | 密集书库-史法系/ [索取号:D922.296.1/1337] | 在馆 | |
| 3 | 0886257 | 208862578 | 第一借阅区/ [索取号:D922.296.1/1337] | 在馆 | |
| 4 | 0886258 | 208862587 | 第一借阅区/ [索取号:D922.296.1/1337] | 在馆 | |
| 5 | 0886259 | 208862596 | 第一借阅区/ [索取号:D922.296.1/1337] | 在馆 |